[Event "AUT-ch Zwisch Internet"]
[Site "Playchess.com INT"]
[Date "2020.05.02"]
[Round "5"]
[White "Flir, Emilio"]
[Black "Kern, Michael"]
[Result "1-0"]
[WhiteElo "1843"]
[BlackElo "1957"]
[PlyCount "101"]
[EventDate "2020.05.02"]
[EventType "swiss (blitz)"]
[EventRounds "13"]
[EventCountry "AUT"]
[SourceTitle "CBM 195 Extra"]
[Source "ChessBase"]
[SourceDate "2020.05.31"]
[SourceVersion "1"]
[SourceVersionDate "2020.05.31"]
[SourceQuality "1"]

1. d4 f5 2. Nc3 Nf6 3. Bg5 d5 4. Bxf6 exf6 5. e3 Be6 6. Bd3 Qd7 7. Nge2 Nc6 8. Nf4 Bf7 9. Qf3 0-0-0 10. 0-0 g5 11. Nfe2 Be6 12. Ng3 h5 13. Bxf5 Bd6 14. Bxe6 Qxe6 15. Qf5 Qxf5 16. Nxf5 Bb4 17. Ne2 h4 18. c3 Bd6 19. Nxd6+ Rxd6 20. Rac1 b5 21. b3 Na5 22. Rc2 Kd7 23. Rd1 Re8 24. Nc1 Nb7 25. Nd3 a5 26. c4 b4 27. cxd5 Rxd5 28. Rdc1 Rc8 29. Nc5+ Nxc5 30. Rxc5 Rxc5 31. Rxc5 Ra8 32. Kf1 a4 33. bxa4 Rxa4 34. Rc2 g4 35. Ke2 Kd6 36. Kd3 Ra3+ 37. Ke4 c6 38. Kf4 h3 39. gxh3 gxh3 40. Kg3 Rc3 41. Rb2 c5 42. dxc5+ Kxc5 43. Kxh3 Kc4 44. Kg4 Kd3 45. Rxb4 Rc2 46. Rf4 Rxa2 47. Rxf6 Ra4+ 48. Rf4 Ra8 49. h4 Ke2 50. h5 Rh8 51. Kg5 1-0

[Event "AUT-ch Vor3 Internet"]
[Site "Playchess.com INT"]
[Date "2020.04.17"]
[Round "2"]
[White "Kern, Michael"]
[Black "Ussar, Reinhard"]
[Result "1-0"]
[WhiteElo "1957"]
[BlackElo "1676"]
[PlyCount "32"]
[EventDate "2020.04.17"]
[EventType "swiss (blitz)"]
[EventRounds "9"]
[EventCountry "AUT"]
[SourceTitle "CBM 195 Extra"]
[Source "ChessBase"]
[SourceDate "2020.05.31"]
[SourceVersion "1"]
[SourceVersionDate "2020.05.31"]
[SourceQuality "1"]

1. d4 Nf6 2. Bf4 g6 3. Nc3 d5 4. e3 Bg7 5. h4 a6 6. Be2 Nbd7 7. h5 gxh5 8. Nf3 e6 9. Ne5 Rg8 10. Bxh5 Nxh5 11. Qxh5 Bxe5 12. dxe5 Nf8 13. 0-0-0 b5 14. Ne4 Qe7 15. Nf6+ Kd8 16. Nxg8 Kd7 1-0

[Event "AUT-ch Vor1 Internet"]
[Site "Playchess.com INT"]
[Date "2020.04.11"]
[Round "4"]
[White "Mostbauer, Maximilian"]
[Black "Kern, Michael"]
[Result "1-0"]
[WhiteElo "2217"]
[BlackElo "1957"]
[PlyCount "67"]
[EventDate "2020.04.11"]
[EventType "swiss (blitz)"]
[EventRounds "9"]
[EventCountry "AUT"]
[SourceTitle "CBM 195 Extra"]
[Source "ChessBase"]
[SourceDate "2020.05.31"]
[SourceVersion "1"]
[SourceVersionDate "2020.05.31"]
[SourceQuality "1"]

1. d4 f5 2. Nf3 e6 3. g3 Nf6 4. Bg2 Be7 5. 0-0 0-0 6. b3 d6 7. Bb2 a5 8. c4 a4 9. Nbd2 a3 10. Bc3 Ne4 11. Qc2 Nxc3 12. Qxc3 Bf6 13. e4 Nc6 14. e5 dxe5 15. dxe5 Nxe5 16. Nxe5 Bxe5 17. Qxe5 Qxd2 18. Qxc7 f4 19. Rfd1 Qc3 20. gxf4 Qf6 21. Qe5 Qg6 22. Kh1 Rf5 23. Qe3 Qg4 24. Bh3 Qxf4 25. Bxf5 Qxf5 26. Rd8+ Kf7 27. Rg1 b5 28. Rxc8 Rxc8 29. Rg3 Qb1+ 30. Kg2 Rc7 31. Qe5 Ke8 32. Qxc7 Qe4+ 33. Rf3 Qg4+ 34. Qg3 1-0

[Event "IECC KO email"]
[Site "IECC email"]
[Date "2002.09.06"]
[Round "?"]
[White "Wurm, Tamas"]
[Black "Kern, Michael"]
[Result "0-1"]
[WhiteElo "1546"]
[BlackElo "1879"]
[PlyCount "60"]
[EventDate "2002.??.??"]
[EventType "tourn (corr)"]
[EventRounds "6"]
[SourceTitle "Corr 2008"]
[Source "ChessBase"]
[SourceDate "2008.06.24"]
[SourceVersion "1"]
[SourceVersionDate "2008.06.24"]
[SourceQuality "1"]

1. e4 e5 2. f4 d5 3. exd5 exf4 4. Nf3 Nf6 5. Bb5+ c6 6. dxc6 Nxc6 7. d4 Bd6 8. 0-0 0-0 9. c4 Bg4 10. Nc3 Rc8 11. Ne2 Re8 12. d5 Ne5 13. Bxe8 Qb6+ 14. Kh1 Rxe8 15. Qc2 Nxf3 16. gxf3 Bh3 17. Bxf4 Rxe2 18. Qxe2 Bxf1 19. Rxf1 Bxf4 20. Re1 Bd6 21. a3 a5 22. Qc2 a4 23. Rg1 Qe3 24. Qxa4 Qxf3+ 25. Rg2 Ne4 26. Qa8+ Bf8 27. Qa7 h5 28. b4 h4 29. h3 Bd6 30. Qd4 Ng3+ 0-1

[Event "IECC Swiss email"]
[Site "IECC email"]
[Date "2002.08.26"]
[Round "?"]
[White "Bladyko, Pawel"]
[Black "Kern, Michael"]
[Result "0-1"]
[WhiteElo "1388"]
[BlackElo "1836"]
[PlyCount "50"]
[EventDate "2002.??.??"]
[EventType "tourn (corr)"]
[EventRounds "6"]
[SourceTitle "Corr 2008"]
[Source "ChessBase"]
[SourceDate "2008.06.24"]
[SourceVersion "1"]
[SourceVersionDate "2008.06.24"]
[SourceQuality "1"]

1. e4 e5 2. Nf3 Nc6 3. Bb5 f5 4. exf5 e4 5. Qe2 Qe7 6. Bxc6 dxc6 7. Nd4 Qe5 8. Ne6 Bxe6 9. fxe6 Nf6 10. d3 Bb4+ 11. c3 Bd6 12. dxe4 Qxe4 13. Qxe4 Nxe4 14. Be3 0-0-0 15. f4 Bc5 16. Ke2 Rde8 17. Bxc5 Nxc5 18. f5 g6 19. g4 h5 20. b4 Ne4 21. Kf3 Nd6 22. fxg6 Rxe6 23. g7 hxg4+ 24. Kxg4 Rg8 25. Kf3 Rxg7 0-1

[Event "IECC TH-M email"]
[Site "IECC email"]
[Date "2002.08.12"]
[Round "?"]
[White "Kern, Michael"]
[Black "Ondo, Bob"]
[Result "1-0"]
[WhiteElo "1839"]
[BlackElo "1708"]
[PlyCount "67"]
[EventDate "2002.??.??"]
[EventType "match (corr)"]
[EventRounds "2"]
[SourceTitle "Corr 2008"]
[Source "ChessBase"]
[SourceDate "2008.06.24"]
[SourceVersion "1"]
[SourceVersionDate "2008.06.24"]
[SourceQuality "1"]

1. d4 Nf6 2. c4 g6 3. Nc3 d5 4. cxd5 Nxd5 5. e4 Nxc3 6. bxc3 Bg7 7. Bc4 c5 8. Ne2 Nc6 9. Be3 0-0 10. 0-0 cxd4 11. cxd4 Bg4 12. f3 Na5 13. Bd3 Be6 14. Rc1 Bxa2 15. Qa4 Be6 16. d5 Bd7 17. Qb4 e6 18. Nc3 b6 19. Ba6 f5 20. Rfd1 Qf6 21. Bd4 Qf7 22. Bxg7 Qxg7 23. Nb5 Bxb5 24. Bxb5 exd5 25. exd5 Nb7 26. d6 Nc5 27. d7 Qf6 28. Qf4 g5 29. Qc7 Rfd8 30. Rc2 a6 31. Bc6 Rab8 32. Re2 Kg7 33. Re8 h5 34. h4 1-0

[Event "IECC TH-M email"]
[Site "IECC email"]
[Date "2002.08.06"]
[Round "?"]
[White "Endean, Andrew"]
[Black "Kern, Michael"]
[Result "0-1"]
[WhiteElo "1971"]
[BlackElo "1778"]
[PlyCount "34"]
[EventDate "2002.??.??"]
[EventType "match (corr)"]
[EventRounds "2"]
[SourceTitle "Corr 2008"]
[Source "ChessBase"]
[SourceDate "2008.06.24"]
[SourceVersion "1"]
[SourceVersionDate "2008.06.24"]
[SourceQuality "1"]

1. g4 d5 2. Bg2 Bxg4 3. c4 c6 4. cxd5 cxd5 5. Qb3 Nd7 6. Qxd5 Rc8 7. Nc3 Ngf6 8. Qxb7 e6 9. Qxa7 Bc5 10. Qa6 0-0 11. Nf3 Qc7 12. 0-0 Ra8 13. Qd3 Bf5 14. e4 Bg4 15. h3 Bh5 16. b3 Rfd8 17. Qc2 Bxf3 0-1

[Event "IECC TH-M email"]
[Site "IECC email"]
[Date "2002.08.06"]
[Round "?"]
[White "Endean, Andrew"]
[Black "Kern, Michael"]
[Result "1-0"]
[WhiteElo "1912"]
[BlackElo "1856"]
[PlyCount "77"]
[EventDate "2002.??.??"]
[EventType "match (corr)"]
[EventRounds "2"]
[SourceTitle "Corr 2008"]
[Source "ChessBase"]
[SourceDate "2008.06.24"]
[SourceVersion "1"]
[SourceVersionDate "2008.06.24"]
[SourceQuality "1"]

1. d4 d5 2. c4 c6 3. Nf3 e6 4. Nc3 Nf6 5. Bg5 dxc4 6. e4 b5 7. e5 h6 8. Bh4 g5 9. Nxg5 hxg5 10. Bxg5 Nbd7 11. exf6 Bb7 12. g3 c5 13. d5 Ne5 14. Bg2 Nd3+ 15. Kf1 Qd7 16. dxe6 fxe6 17. Qe2 0-0-0 18. h4 Bh6 19. Bxb7+ Qxb7 20. Rg1 Bxg5 21. hxg5 Rh2 22. Nd1 Qd5 23. Qe3 b4 24. f7 Ne5 25. g6 Nxg6 26. Qe2 Ne5 27. Ne3 Qd7 28. Nxc4 Nxf7 29. Rc1 Ng5 30. Ne5 Qd5 31. Qa6+ Kb8 32. Nc6+ Kc7 33. Nxd8 Rxf2+ 34. Kxf2 Qf3+ 35. Ke1 Qe3+ 36. Kd1 Qxg1+ 37. Kc2 Qf2+ 38. Kb1 Kxd8 39. Qd6+ 1-0

[Event "IECC TH-M email"]
[Site "IECC email"]
[Date "2002.08.06"]
[Round "?"]
[White "Newton, Hobart E"]
[Black "Kern, Michael"]
[Result "1/2-1/2"]
[WhiteElo "1979"]
[BlackElo "1854"]
[PlyCount "102"]
[EventDate "2002.??.??"]
[EventType "match (corr)"]
[EventRounds "2"]
[SourceTitle "Corr 2008"]
[Source "ChessBase"]
[SourceDate "2008.06.24"]
[SourceVersion "1"]
[SourceVersionDate "2008.06.24"]
[SourceQuality "1"]

1. e4 c6 2. d4 d5 3. exd5 cxd5 4. Bd3 Nc6 5. c3 Nf6 6. Nf3 Bg4 7. 0-0 e6 8. Bf4 Nh5 9. Be3 Bd6 10. h3 Bxf3 11. Qxf3 Qh4 12. Nd2 0-0 13. Rae1 a6 14. Qd1 h6 15. Nf3 Qe7 16. Ne5 Nf6 17. Bf4 Rfc8 18. Bg3 Bxe5 19. dxe5 Nd7 20. f4 Re8 21. Bf2 b5 22. Bb1 Nf8 23. f5 exf5 24. Qxd5 Nxe5 25. Bd4 Nfg6 26. Bxf5 Rad8 27. Qe4 Qc7 28. Bxg6 Nxg6 29. Qxe8+ Rxe8 30. Rxe8+ Kh7 31. Rfe1 b4 32. R1e4 Qa5 33. cxb4 Qxa2 34. Kh2 f6 35. Bc3 Qf7 36. Rc8 Qd7 37. Rcc4 Ne7 38. Be1 Nf5 39. Re2 Qd6+ 40. Kg1 Qd1 41. Kf2 Nd6 42. Rf4 f5 43. Kf1 Ne4 44. Rf3 h5 45. Rfe3 h4 46. Kg1 g5 47. Kh2 Kg6 48. b3 Kh5 49. Kg1 Qd4 50. Kh2 Qe5+ 51. Kg1 Qb5 1/2-1/2

[Event "IECC KO email"]
[Site "IECC email"]
[Date "2002.07.01"]
[Round "?"]
[White "Rakovic, Miroslav"]
[Black "Kern, Michael"]
[Result "1/2-1/2"]
[WhiteElo "1697"]
[BlackElo "1779"]
[PlyCount "43"]
[EventDate "2002.??.??"]
[EventType "tourn (corr)"]
[EventRounds "6"]
[SourceTitle "Corr 2008"]
[Source "ChessBase"]
[SourceDate "2008.06.24"]
[SourceVersion "1"]
[SourceVersionDate "2008.06.24"]
[SourceQuality "1"]

1. e4 e5 2. Nf3 Nc6 3. Bb5 f5 4. Nc3 fxe4 5. Nxe4 d5 6. Nxe5 dxe4 7. Qh5+ g6 8. Nxg6 hxg6 9. Qxh8 Be6 10. Bxc6+ bxc6 11. 0-0 Qd5 12. d3 0-0-0 13. dxe4 Qxe4 14. Bg5 Rd5 15. Rfe1 Qf5 16. Qc3 Rc5 17. Qd4 Bd6 18. c3 Kb8 19. Qe4 Bf7 20. h4 Nf6 21. Qxf5 Rxf5 22. b3 1/2-1/2

[Event "IECC KO email"]
[Site "IECC email"]
[Date "2002.05.01"]
[Round "?"]
[White "Kern, Michael"]
[Black "Rakovic, Miroslav"]
[Result "1/2-1/2"]
[WhiteElo "1803"]
[BlackElo "1700"]
[PlyCount "55"]
[EventDate "2002.??.??"]
[EventType "tourn (corr)"]
[EventRounds "6"]
[SourceTitle "Corr 2008"]
[Source "ChessBase"]
[SourceDate "2008.06.24"]
[SourceVersion "1"]
[SourceVersionDate "2008.06.24"]
[SourceQuality "1"]

1. e4 e5 2. Nf3 Nc6 3. d4 exd4 4. c3 d5 5. exd5 Qxd5 6. cxd4 Bg4 7. Be2 Bb4+ 8. Nc3 Bxf3 9. Bxf3 Qc4 10. Qb3 Qxb3 11. axb3 Nge7 12. 0-0 a6 13. Ra4 Bd6 14. b4 0-0 15. b5 axb5 16. Rxa8 Rxa8 17. Nxb5 Nf5 18. Rd1 Ra1 19. Be3 Rxd1+ 20. Bxd1 Kf8 21. Bc2 Nxe3 22. fxe3 Ke7 23. Nxd6 cxd6 24. g4 d5 25. Kf2 h6 26. h4 g6 27. Kf3 Ke6 28. Bd3 1/2-1/2

[Event "IECC CL3-2001.41"]
[Site "IECC email"]
[Date "2001.12.09"]
[Round "?"]
[White "Pulkkinen, Marko"]
[Black "Kern, Michael"]
[Result "1/2-1/2"]
[WhiteElo "1883"]
[BlackElo "1726"]
[PlyCount "65"]
[EventDate "2001.??.??"]
[EventType "tourn (corr)"]
[EventRounds "4"]
[SourceTitle "Corr 2008"]
[Source "ChessBase"]
[SourceDate "2008.06.24"]
[SourceVersion "1"]
[SourceVersionDate "2008.06.24"]
[SourceQuality "1"]

1. d4 Nf6 2. c4 e6 3. Nc3 d5 4. Bg5 c6 5. Nf3 dxc4 6. e4 b5 7. a4 Bb7 8. axb5 cxb5 9. Nxb5 Bb4+ 10. Nc3 Bxe4 11. Qa4+ Nc6 12. Ne5 Qb6 13. Be3 Qb7 14. Bxc4 0-0 15. Ba6 Qc7 16. 0-0 Bxc3 17. bxc3 Nxe5 18. dxe5 Qxe5 19. Bd4 Qf5 20. f3 Bc2 21. Qa5 Rfb8 22. Rfc1 Nd5 23. Bb5 Nf4 24. Bf1 Qxa5 25. Rxa5 Bd3 26. Be5 Bxf1 27. Bxb8 Ne2+ 28. Kxf1 Nxc1 29. Bxa7 f6 30. Bb6 Rb8 31. Rb5 Rc8 32. Rc5 Ra8 33. c4 1/2-1/2

[Event "IECC M email"]
[Site "IECC email"]
[Date "2001.10.06"]
[Round "?"]
[White "Kern, Michael"]
[Black "Bass, Stanley"]
[Result "1/2-1/2"]
[WhiteElo "1695"]
[BlackElo "1780"]
[PlyCount "57"]
[EventDate "2001.??.??"]
[EventType "tourn (corr)"]
[EventRounds "6"]
[SourceTitle "Corr 2008"]
[Source "ChessBase"]
[SourceDate "2008.06.24"]
[SourceVersion "1"]
[SourceVersionDate "2008.06.24"]
[SourceQuality "1"]

1. e4 c5 2. Nc3 Nc6 3. Nge2 e5 4. Nd5 Nge7 5. Nec3 Nxd5 6. Nxd5 d6 7. g3 Be7 8. Bg2 Be6 9. d3 0-0 10. c3 Qd7 11. Be3 Bh3 12. Bxh3 Qxh3 13. Qb3 b6 14. 0-0-0 Bd8 15. f4 a6 16. Kb1 Re8 17. Qc2 Ne7 18. Nxe7+ Bxe7 19. fxe5 dxe5 20. Qb3 Rab8 21. Qc4 a5 22. Rhf1 Bf6 23. Rf2 Qg4 24. Rdd2 Rbd8 25. a4 Re6 26. Rf5 Rd7 27. b3 Red6 28. Kc2 h6 29. Kc1 1/2-1/2

[Event "IECC M email"]
[Site "IECC email"]
[Date "2001.09.27"]
[Round "?"]
[White "Kern, Michael"]
[Black "Hervas, Fernando"]
[Result "0-1"]
[WhiteElo "1698"]
[BlackElo "1823"]
[PlyCount "76"]
[EventDate "2001.??.??"]
[EventType "tourn (corr)"]
[EventRounds "6"]
[SourceTitle "Corr 2008"]
[Source "ChessBase"]
[SourceDate "2008.06.24"]
[SourceVersion "1"]
[SourceVersionDate "2008.06.24"]
[SourceQuality "1"]

1. e4 e5 2. f4 exf4 3. Nf3 Be7 4. Bc4 Nf6 5. 0-0 Nxe4 6. Nc3 Nxc3 7. dxc3 c6 8. Bxf4 d5 9. Bd3 Qb6+ 10. Kh1 0-0 11. Qe1 Re8 12. Ng5 f5 13. Bd6 Qd8 14. Bxe7 Rxe7 15. Qh4 h6 16. Nh3 Nd7 17. Rxf5 Nf6 18. Rxf6 gxf6 19. Nf4 f5 20. Ng6 Rd7 21. Qxh6 Rh7 22. Qf4 Qf6 23. Ne5 Qh6 24. Qxh6 Rxh6 25. Rf1 Be6 26. Bxf5 Bxf5 27. Rxf5 Rf8 28. Rxf8+ Kxf8 29. Nf3 Re6 30. Kg1 Re2 31. Nd4 Re1+ 32. Kf2 Ra1 33. b4 Rxa2 34. Ke3 a5 35. bxa5 Rxa5 36. h4 Ra4 37. g3 Kf7 38. Nf3 Kf6 0-1

[Event "IECC TH-T email"]
[Site "IECC email"]
[Date "2001.09.25"]
[Round "?"]
[White "Kern, Michael"]
[Black "Rossello Padron, Carlos Eduardo"]
[Result "0-1"]
[WhiteElo "1672"]
[BlackElo "2077"]
[PlyCount "56"]
[EventDate "2001.??.??"]
[EventType "match (corr)"]
[EventRounds "2"]
[SourceTitle "Corr 2008"]
[Source "ChessBase"]
[SourceDate "2008.06.24"]
[SourceVersion "1"]
[SourceVersionDate "2008.06.24"]
[SourceQuality "1"]

1. d4 Nf6 2. c4 c5 3. d5 b5 4. cxb5 a6 5. Nc3 d6 6. e4 g6 7. bxa6 Bxa6 8. Bxa6 Nxa6 9. Nf3 Bg7 10. Bf4 0-0 11. Qd2 Qb6 12. 0-0 Rfb8 13. Rab1 Rb7 14. a4 Qb4 15. Rfe1 Nh5 16. Bg5 Bxc3 17. bxc3 Qxb1 18. Rxb1 Rxb1+ 19. Ne1 f6 20. Bh6 Nc7 21. g4 Rxa4 22. gxh5 Raa1 23. Kf1 Nb5 24. f3 Rxe1+ 25. Qxe1 Rxe1+ 26. Kxe1 Nxc3 27. hxg6 hxg6 28. Kf1 Kf7 0-1

[Event "IECC TH-T email"]
[Site "IECC email"]
[Date "2001.08.14"]
[Round "?"]
[White "Bucur, Sorin"]
[Black "Kern, Michael"]
[Result "1-0"]
[WhiteElo "1765"]
[BlackElo "1800"]
[PlyCount "55"]
[EventDate "2001.??.??"]
[EventType "match (corr)"]
[EventRounds "2"]
[SourceTitle "Corr 2008"]
[Source "ChessBase"]
[SourceDate "2008.06.24"]
[SourceVersion "1"]
[SourceVersionDate "2008.06.24"]
[SourceQuality "1"]

1. e4 e5 2. f4 Nc6 3. Nf3 f5 4. exf5 e4 5. Ne5 Nf6 6. Be2 h5 7. d3 d5 8. Nxc6 bxc6 9. dxe4 dxe4 10. Qxd8+ Kxd8 11. Nd2 Bxf5 12. Nc4 Kc8 13. Be3 Nd5 14. 0-0-0 Be6 15. Na5 a6 16. Bc4 Bd6 17. g3 Re8 18. Bd4 g6 19. a3 h4 20. Rde1 Bd7 21. Nb3 Bf5 22. Be2 g5 23. c4 hxg3 24. hxg3 gxf4 25. cxd5 cxd5 26. gxf4 Bxf4+ 27. Kc2 Bd6 28. Rh5 1-0